Jaliscienses en México /
En las páginas de este libro aparecen una apreciable cantidad de nombres de personas jaliscienses cuyas actividades en el arte, la ciencia, el comercio, la industria, la banca, entre otras áreas, han sido de gran importancia para el desarrollo del país.
Guardat en:
| Format: | Llibre |
|---|---|
| Idioma: | espanyol |
| Matèries: | |
| Etiquetes: |
Sense etiquetes, Sigues el primer a etiquetar aquest registre!
|
MARC
| LEADER | 00000nam^a2200000^a^4500 | ||
|---|---|---|---|
| 001 | 000132006 | ||
| 005 | 20250521000000.0 | ||
| 009 | 20260310095044.16 | ||
| 037 | |a Acervo ITESO - Biblioteca | ||
| 041 | |a ESP | ||
| 082 | |a 972. 350092 |b JAL | ||
| 245 | 0 | 0 | |a Jaliscienses en México / |
| 264 | |a México : |b editorial no identificada, |c 1948 | ||
| 300 | |a 188 p. | ||
| 336 | |a texto |b txt |2 rdacontenido | ||
| 337 | |a sin mediación |b n |2 rdamedio | ||
| 338 | |a volumen |b nc |2 rdasoporte | ||
| 520 | |a En las páginas de este libro aparecen una apreciable cantidad de nombres de personas jaliscienses cuyas actividades en el arte, la ciencia, el comercio, la industria, la banca, entre otras áreas, han sido de gran importancia para el desarrollo del país. | ||
| 649 | |a XX | ||
| 650 | |a Jaliscienses - |x Biografías | ||
| 650 | |a Mexicanos - |x Biografías | ||
| 650 | |a Jalisco - |x Historia | ||
| 650 | |a México - |x Historia | ||
| 910 | |a Fondo Salvador Reynoso Reynoso | ||
| 920 | |a Impresos - Libros | ||
| 930 | |a Fondos Especiales | ||
| 905 | |a 112 | ||
| 901 | |a 0800012353 |b IT2 |c ESP |u 20250521 | ||
| 902 | |a https://opac.biblio.iteso.mx/vufind/Record/000132006 | ||